000 00960cam a22002653a 4500
001 3399
003 PGUSA
005 20140828083031.0
008 020801s2002||||xxu|||||s|||||000 1 eng d
040 _aPGUSA
_beng
042 _adc
050 4 _aPS
100 1 _aHowells, William Dean,
_d1837-1920
245 1 0 _aComplete Project Gutenberg William Dean Howells Literature Essays
_h[electronic resource] /
_cWilliam Dean Howells
260 _bProject Gutenberg,
_c2002
505 0 _aLiterary friends and acquaintance -- Literature and life -- My literary passions -- Criticism and fiction.
506 _aPublic domain in the USA.
516 _aElectronic text
653 _aLiterature -- History and criticism
653 _aAmerican literature -- 19th century -- History and criticism
653 _aAuthors, American -- 19th century -- Biography
830 0 _aProject Gutenberg
_v3399
856 4 0 _uhttp://www.gutenberg.org/ebooks/3399
942 _cEB
999 _c232728
_d232728